Statistics for Biggest European Cities by Letter - S

Click here to take the quiz!

General Stats

  • This quiz has been taken 230 times
    (91 since last reset)
  • The average score is 10 of 16

Answer Stats

CountryPopulationCity% Correct
Sweden1.51 mStockholm
99%
Russia5.02 mSaint Petersburg
97%
Bulgaria1.15 mSofia
97%
Bosnia and Herzegovina696 kSarajevo
92%
Spain703 kSeville
89%
Macedonia474 kSkopje
89%
Germany589 kStuttgart
84%
United Kingdom685 kSheffield
78%
Russia1.13 mSamara
53%
Poland407 kSzczecin
41%
Russia337 kSochi
39%
Ukraine464 kSevastopol
37%
Russia863 kSaratov
36%
United Kingdom372 kStoke-on-Trent
33%
Russia325 kSmolensk
25%
Russia363 kStavropol
9%

Score Distribution

Percentile by Number Answered

Percent of People with Each Score

Your Score History

You have not taken this quiz since the last reset